ბათუმის შოთა რუსთაველის სახელმწიფო უნივერსიტეტის ბიბლიოთეკა

სწორი ძელების ღუნვა : (ბიბ.ჩანაწერი № 39218)

000 -ლიდერი
ფიქსირებული სიგრძის საკონტროლო ველი 00973nam a2200229Ia 4500
001 - საკონტროლო ნომერი
საკონტროლო ველი 5804
003 - საკონტროლო ნომრის იდენტიფიკატორი
საკონტროლო ველი GE_BSU
005 - ბოლო ოპერაციის თარიღი და დრო
საკონტროლო ველი 20190504122056.0
008 - ფიქსირებული სიგრძის მონაცემთა ელემენტები - ზოგადი ინფორმაცია
ფიქსირებული სიგრძის საკონტროლო ველი 181216s1982ge xx |||||||||||||| ||geo||
040 ## - კატალოგიზაციის წყარო
Transcribing agency GE_BSU
041 ## - ენის კოდი
Language code of text/sound track or separate title geo
080 ## - უნივერსალური ათობითი კლასიფიკაციის ინდექსი
Universal Decimal Classification number 624.8(075.8) ს-12
100 ## - მთავარი ჩანაწერი - პიროვნების სახელი
Personal name სარალიძე, ა.
9 (RLIN) 361
245 ## - ცნობა სათაურის შესახებ
Title სწორი ძელების ღუნვა :
Remainder of title დამხმ.სახელმძღვ /
Statement of responsibility, etc სარალიძე, ა. გაჩეჩილაძე, გ. ; რედ. ე.გიორგაძე.
264 ## - წარმოების, გამოცემის, დისტრიბუციის და სხვა ცნობები
გამოცემის, წარმოების, დისტრიბუციის... ადგილი თბილისი :
გამოცემის, წარმოების, დისტრიბუციის... სახელწოდება სპი,
გამოცემის, წარმოების, დისტრიბუციის... თარიღი 1982.
300 ## - ფიზიკური აღწერა
Extent 147გვ. :
Other physical details ილ. ;
Dimensions 20 სმ.
653 ## - INDEX TERM--UNCONTROLLED
Uncontrolled term სწორი ძელების ღუნვა.
653 ## - INDEX TERM--UNCONTROLLED
Uncontrolled term სამშენებლო კონსტრუქციები
700 ## - ADDED ENTRY--PERSONAL NAME
Personal name გაჩეჩილაძე, გ.
9 (RLIN) 397
700 ## - ADDED ENTRY--PERSONAL NAME
Personal name გიორგაძე, ე.
Relator term რედაქტორი
9 (RLIN) 398
942 ## - ADDED ENTRY ELEMENTS (KOHA)
Koha item type წიგნი
Source of classification or shelving scheme
ეგზემპლარები
ჩამოწერის სტატუსი დაკარგული ეგზემპლარის სტატუსი კლასიფიკაციის წყარო ან თაროზე გაწყობის სქემა დაზიანების სტატუსი არ გაიცემა მუდმივი მდებარეობა (დაცვის ადგილი) ამჟამინდელი ადგილსამყოფელი თაროზე განთავსების ადგილი შეძენის თარიღი ღირებულება, შესყიდვის ნორმალური ფასი სრული შენახვის შიფრი შტრიხკოდი ბოლო ოპერაციის თარიღი ეგზემპლარის მიმდევრობითი ნომერი (კეტერი?) ფასის ძალაში შესვლის თარიღი ეგზემპლარის სახეობა საჯარო შენიშვნა
          ტექნოლოგიური ფაკულტეტის ბიბლიოთეკა ტექნოლოგიური ფაკულტეტის ბიბლიოთეკა წიგნსაცავი 2018-12-17 1.60 624.8(075.8) ს-12 11316 2018-12-17 11316 2018-12-17 წიგნი 1.60 ლ.
          ტექნოლოგიური ფაკულტეტის ბიბლიოთეკა ტექნოლოგიური ფაკულტეტის ბიბლიოთეკა წიგნსაცავი 2018-12-17 1.60 624.8(075.8) ს-12 11317 2018-12-17 11317 2018-12-17 წიგნი 1.60 ლ.
          ტექნოლოგიური ფაკულტეტის ბიბლიოთეკა ტექნოლოგიური ფაკულტეტის ბიბლიოთეკა წიგნსაცავი 2018-12-17 1.60 624.8(075.8) ს-12 11318 2018-12-17 11318 2018-12-17 წიგნი 1.60 ლ.
          ტექნოლოგიური ფაკულტეტის ბიბლიოთეკა ტექნოლოგიური ფაკულტეტის ბიბლიოთეკა წიგნსაცავი 2018-12-17 1.60 624.8(075.8) ს-12 11319 2018-12-17 11319 2018-12-17 წიგნი 1.60 ლ.
          ტექნოლოგიური ფაკულტეტის ბიბლიოთეკა ტექნოლოგიური ფაკულტეტის ბიბლიოთეკა წიგნსაცავი 2018-12-17 1.60 624.8(075.8) ს-12 11320 2018-12-17 11320 2018-12-17 წიგნი 1.60 ლ.